000 00794nam a2200217Ii 4500
003 JO-AjNU
008 230605s9999||||xx |||||||||||||| ||und||
017 _a1986/1611
020 _a977-01-0855-3
040 _aJO-AjNU
_bara
_erda
_cJO-AjNU
041 _aara
050 1 4 _aHQ1793 .S2322 1986
100 3 _aالسبكي، آمال كامل بيومي ,
_eauthor
_917543
245 0 0 _aالحركة النسائية في مصر مابين الثورتين 1919و 1952
264 3 1 _aالقاهرة: الهيئة المصرية العامة للكتاب، 1986
300 _a216ص
_bيحتوي ببلوغرافية من ص 211-216ص
336 _atext
_btxt
_2rdacontent
337 _aunmediated
_bn
_2rdamedia
338 _avolume
_bnc
_2rdacarrier
650 4 _aالمرأة - مصر 
_917544
999 _aA5439
_c9007
_d9007